000 00529nam a2200181Ia 4500
003 GCL
008 140319s9999 xx 000 0 ara d
040 _aGCL /
_cGCL
082 0 4 _a320.9
_bح د
100 1 _aحسن الظاهر
245 1 0 _aدراسات فى تطور الفكر السياسى /
_cحسن الظاهر
260 _a[S.N] :
_bمكتبة الانجلوالمصرية ،
_c1987
300 _a433 ص
490 _a
650 0 4 _aالسياسة
650 0 4 _aالسياسيون - تراجم
942 _2ddc
_cBK
999 _c44783
_d44783